[Event "Mukachevo Rating March 2019"]
[Site "Mukachevo"]
[Date "2019.03.17"]
[Round "9.3"]
[White "Shankovskyi, Andrii"]
[Black "Shkuran, Danylo"]
[Result "1-0"]
[WhiteElo "2347"]
[BlackElo "2356"]
[Annotator "TA"]
[PlyCount "73"]
[EventDate "2019.??.??"]
[EventCountry "UKR"]
[SourceTitle "playchess.com"]
[Source "ChessBase"]
[SourceQuality "1"]

{[%evp 12,73,46,12,15,10,17,15,12,30,28,17,62,0,39,7,104,17,31,18,73,81,104,34,34,22,20,21,7,2,15,4,64,26,29,0,93,38,131,53,60,31,158,102,123,120,156,158,251,247,256,218,358,334,358,345,818,816,809,810,29985,29980,29990,29990]} 1. e4 c5 2. Nf3 e6 3. d4 cxd4 4. Nxd4 a6 5. Nc3 Qc7 6. Be3 Nc6 7. Qd2 Be7 {B48: Sicilian: Taimanov: 5 Nc3 Qc7 6 Be3 a6 without Be2} (7... b5 8. O-O-O Nxd4 9. Bxd4 Bb7 10. f3 Nf6 11. Qg5 Rc8 12. Bd3 h6 13. Qg3 Qxg3 14. hxg3 Bc5 15. Ne2 Bxd4 16. Nxd4 {½-½ (32) Radjabov,T (2757)-Rapport,R (2731) Wijk aan Zee 2019}) 8. f3 Nf6 9. O-O-O O-O {The position is equal.} 10. g4 b5 {[%cal Bb7b5,Bb5b4][%mdl 32]} 11. g5 Ne8 12. f4 (12. Nxc6 $14 dxc6 13. h4) 12... b4 $146 ({Predecessor:} 12... Nxd4 13. Bxd4 Bb7 14. Bg2 Rc8 15. Be5 d6 16. Bd4 {0-1 (55) Pikula,D (2545)-Markus,R (2586) Zlatibor 2006}) 13. Na4 Rb8 {[#]} (13... Nd6 $11) 14. Kb1 (14. Nb3 $1 $16) 14... Nxd4 $11 15. Bxd4 d6 {[#]} (15... Qc6 $11 16. b3 Nd6) 16. b3 $1 $16 e5 17. Be3 (17. Bb2 $16) 17... Bg4 $14 18. Be2 Bxe2 19. Qxe2 Qc6 20. Qd3 exf4 21. Bxf4 Rd8 (21... Nc7 $11) 22. h4 Nc7 23. Bc1 Qb5 (23... d5 $11 {remains equal.}) 24. Qe3 (24. Qg3 $16) 24... Ne6 ({Black should play} 24... d5 $14) 25. Rd5 (25. Nb6 $16) 25... Qc6 26. Bb2 Nc5 (26... Nc7 $14) 27. Nxc5 ({White should try} 27. Qd4 {[%csl Gb2][%cal Rd4g7]} Ne6 28. Qxb4) 27... dxc5 $16 28. Rhd1 a5 29. h5 Rfe8 (29... Rd6 $16 30. h6 g6) 30. h6 $18 g6 31. Qf4 $40 {[%mdl 128] White is out for blood.} Rxd5 (31... Qe6 {is a better defense.} 32. Rf1 Rf8) 32. exd5 ({Weaker is} 32. Rxd5 Qe6 $16) 32... Qd6 33. Be5 Qd7 $2 (33... Qd8 34. Bf6 Bd6) 34. d6 Bd8 35. Bf6 Bb6 36. Be7 Qe6 37. Qf6 {Accuracy: White = 46%, Black = 32%.} 1-0

[Event "Mukachevo Rating March 2019"]
[Site "Mukachevo"]
[Date "2019.03.17"]
[Round "9.4"]
[White "Kagramanianz, Vartan"]
[Black "Tiba, Vladyslav"]
[Result "1/2-1/2"]
[WhiteElo "2249"]
[BlackElo "2389"]
[Annotator "TA"]
[PlyCount "62"]
[EventDate "2019.??.??"]
[EventCountry "UKR"]
[SourceTitle "playchess.com"]
[Source "ChessBase"]
[SourceQuality "1"]

{[%evp 17,62,20,28,16,22,18,22,18,32,29,20,23,18,13,19,12,23,2,5,3,4,0,13,0,0,0,8,8,0,3,12,4,14,0,0,0,0,0,0,0,0,0,0,0,0,0,0]} 1. e4 e5 2. Nf3 Nf6 3. Nxe5 d6 4. Nf3 Nxe4 5. d3 Nf6 6. d4 Be7 7. Bd3 O-O 8. O-O d5 9. h3 h6 10. Bf4 {C01: French: Exchange Variation} Bd6 (10... c5 11. dxc5 Bxc5 12. Nbd2 {½-½ (10) Novikov,M (2546)-Ulybin,M (2489) Biel 2006}) 11. Bxd6 Qxd6 12. Nbd2 $146 ({Predecessor:} 12. Re1 Be6 13. Nbd2 Nh5 14. Ne5 Nf4 15. Qf3 Nxd3 16. Qxd3 Nd7 17. Re3 Nxe5 18. Rxe5 {1-0 (33) Stankovic,S (1972)-Varga,D Croatia 2011}) 12... Be6 13. c3 Nc6 14. Qc2 Rae8 15. Rfe1 Bd7 16. Rxe8 (16. Rad1 {looks sharper.} Nh5 17. Bf5 Bxf5 18. Qxf5 g6 19. Qc2) 16... Rxe8 17. Re1 Rxe1+ {The position is equal.} 18. Nxe1 Ne7 19. Qd1 Bf5 20. Bxf5 Nxf5 21. Qe2 Qe7 22. Qxe7 (22. Qe5 {keeps more tension.} Qd7 23. Nd3 Nd6 24. Nb4 c6 25. Nd3) 22... Nxe7 $11 {[%mdl 4096] Endgame KNN-KNN} 23. Nd3 Nd7 24. Nf3 c6 25. Nfe5 Nxe5 26. Nxe5 {KN-KN} Nc8 27. Kf1 Nd6 28. Ke2 f6 29. Nd3 Kf7 30. h4 g5 31. hxg5 hxg5 {Accuracy: White = 56%, Black = 48%.} 1/2-1/2

[Event "Mukachevo Rating March 2019"]
[Site "Mukachevo"]
[Date "2019.03.17"]
[Round "9.5"]
[White "Zambo, Zoltan Istvan"]
[Black "Larkin, Vladyslav"]
[Result "1/2-1/2"]
[WhiteElo "2370"]
[BlackElo "2336"]
[Annotator "TA"]
[PlyCount "62"]
[EventDate "2019.??.??"]
[EventCountry "UKR"]
[SourceTitle "playchess.com"]
[Source "ChessBase"]
[SourceQuality "1"]

{[%evp 23,62,0,0,0,0,-3,0,0,0,-24,-16,-36,0,0,0,0,0,0,0,0,0,0,0,0,16,14,16,24,18,0,0,0,0,0,0,0,0,0,0,0,0]} 1. d4 d5 2. c4 c6 3. cxd5 cxd5 4. Nf3 Nf6 5. Nc3 Nc6 6. Bf4 a6 7. h3 Bf5 8. e3 e6 9. Bd3 Bxd3 10. Qxd3 Bd6 11. Bxd6 Qxd6 12. O-O O-O 13. Rac1 {D13: Slav Defence: Exchange variation without ...Bf5} (13. Rfc1 Rfc8 {½-½ (13) Agrest,E (2588)-Aleksandrov,A (2639) Ourense 2009}) 13... Rfc8 14. a3 Nd7 $146 ({Predecessor:} 14... Na5 15. Nd2 Nc4 16. Nxc4 Rxc4 17. Ne2 Rac8 18. Rxc4 Rxc4 19. Rc1 Rxc1+ 20. Nxc1 Qc6 21. Ne2 {½-½ (32) Georgiev,V (2517)-Bojkov,D (2472) Borovetz 2008}) 15. Na4 Na5 16. b4 Nc4 17. Nd2 b5 {[#] Strongly threatening ...Nxd2.} 18. Nc5 $1 a5 19. Nb7 Qb6 20. Nxa5 Nxa5 21. bxa5 Qxa5 22. Rxc8+ Rxc8 23. Rb1 Rc3 (23... h5 {feels hotter.} 24. Qxb5 Qxd2 25. Qxd7 Rc1+ 26. Rxc1 Qxc1+ 27. Kh2 Qxa3 28. Qd8+ Qf8) 24. Qxb5 Qxb5 25. Rxb5 {Hoping for Rb7.} Rxa3 26. Rb3 {The position is equal.} (26. Rb7 {seems wilder.} Nf8 27. g4 g5 28. Nf3 f6 29. h4) 26... Rxb3 (26... Ra7 {with more complications.} 27. Rb2 h5 28. g4 hxg4 29. hxg4 g5) 27. Nxb3 $11 {KN-KN} Kf8 28. Kf1 Ke7 29. Ke2 Kd6 30. Kd3 Kc6 31. Kc3 Kb5 {Accuracy: White = 68%, Black = 75%.} 1/2-1/2